<?xml version="1.0" encoding="UTF-8"?>
<record
    xmlns:xsi="http://www.w3.org/2001/XMLSchema-instance"
    xsi:schemaLocation="http://www.loc.gov/MARC21/slim http://www.loc.gov/standards/marcxml/schema/MARC21slim.xsd"
    xmlns="http://www.loc.gov/MARC21/slim">

  <leader>02536cam a2200373 i 4500</leader>
  <controlfield tag="003">SA-RiAUC</controlfield>
  <controlfield tag="005">20251116134238.0</controlfield>
  <controlfield tag="008">251113s1999    su     g      000 0 ara c</controlfield>
  <datafield tag="020" ind1=" " ind2=" ">
    <subfield code="a">9960830357</subfield>
  </datafield>
  <datafield tag="024" ind1="0" ind2=" ">
    <subfield code="a">00000000970196</subfield>
  </datafield>
  <datafield tag="040" ind1=" " ind2=" ">
    <subfield code="a">SA-JeALM</subfield>
    <subfield code="b">ara</subfield>
    <subfield code="c">SA-RiAUC.</subfield>
    <subfield code="d">AE-DuMBRL</subfield>
    <subfield code="e">rda</subfield>
  </datafield>
  <datafield tag="050" ind1="1" ind2="4">
    <subfield code="b">.A43 1999</subfield>
  </datafield>
  <datafield tag="082" ind1="0" ind2="4">
    <subfield code="a">252.5</subfield>
    <subfield code="q">SA-RiAUC</subfield>
  </datafield>
  <datafield tag="090" ind1=" " ind2=" ">
    <subfield code="a">252.5</subfield>
    <subfield code="b">&#x627; &#x644; &#x628;</subfield>
  </datafield>
  <datafield tag="100" ind1="1" ind2=" ">
    <subfield code="a">&#x627;&#x644;&#x623;&#x644;&#x628;&#x627;&#x646;&#x64A;&#x60C; &#x645;&#x62D;&#x645;&#x62F; &#x646;&#x627;&#x635;&#x631; &#x627;&#x644;&#x62F;&#x64A;&#x646;&#x60C;</subfield>
    <subfield code="d">1914-1999</subfield>
    <subfield code="e">&#x645;&#x624;&#x644;&#x641;.</subfield>
  </datafield>
  <datafield tag="245" ind1="1" ind2="0">
    <subfield code="a">&#x645;&#x646;&#x627;&#x633;&#x643; &#x627;&#x644;&#x62D;&#x62C; &#x648;&#x627;&#x644;&#x639;&#x645;&#x631;&#x629; &#x641;&#x64A; &#x627;&#x644;&#x643;&#x62A;&#x627;&#x628; &#x648;&#x627;&#x644;&#x633;&#x646;&#x629; &#x648;&#x622;&#x62B;&#x627;&#x631; &#x627;&#x644;&#x633;&#x644;&#x641; &#x648;&#x633;&#x631;&#x62F; &#x645;&#x627; &#x623;&#x644;&#x62D;&#x642; &#x627;&#x644;&#x646;&#x627;&#x633; &#x628;&#x647;&#x627; &#x645;&#x646; &#x627;&#x644;&#x628;&#x62F;&#x639; /</subfield>
    <subfield code="c">&#x628;&#x642;&#x644;&#x645; &#x645;&#x62D;&#x645;&#x62F; &#x646;&#x627;&#x635;&#x631; &#x627;&#x644;&#x62F;&#x64A;&#x646; &#x627;&#x644;&#x623;&#x644;&#x628;&#x627;&#x646;&#x64A;.</subfield>
  </datafield>
  <datafield tag="250" ind1=" " ind2=" ">
    <subfield code="a">&#x627;&#x644;&#x637;&#x628;&#x639;&#x629; &#x627;&#x644;&#x631;&#x627;&#x628;&#x639;&#x629;.</subfield>
  </datafield>
  <datafield tag="264" ind1=" " ind2="1">
    <subfield code="a">&#x627;&#x644;&#x631;&#x64A;&#x627;&#x636; :</subfield>
    <subfield code="b">&#x645;&#x643;&#x62A;&#x628;&#x629; &#x627;&#x644;&#x645;&#x639;&#x627;&#x631;&#x641; &#x644;&#x644;&#x646;&#x634;&#x631; &#x648;&#x627;&#x644;&#x62A;&#x648;&#x632;&#x64A;&#x639;&#x60C;</subfield>
    <subfield code="c">1989</subfield>
  </datafield>
  <datafield tag="300" ind1=" " ind2=" ">
    <subfield code="a">64 &#x635;&#x641;&#x62D;&#x629; &#x61B;</subfield>
    <subfield code="c">20 &#xD7; 14 &#x633;&#x645;</subfield>
  </datafield>
  <datafield tag="336" ind1=" " ind2=" ">
    <subfield code="a">&#x646;&#x635;</subfield>
    <subfield code="b">txt</subfield>
    <subfield code="2">rdacontent</subfield>
    <subfield code="3">&#x643;&#x62A;&#x627;&#x628;</subfield>
  </datafield>
  <datafield tag="337" ind1=" " ind2=" ">
    <subfield code="a">&#x628;&#x62F;&#x648;&#x646; &#x648;&#x633;&#x64A;&#x637;</subfield>
    <subfield code="b">n</subfield>
    <subfield code="2">rdamedia</subfield>
  </datafield>
  <datafield tag="338" ind1=" " ind2=" ">
    <subfield code="a">&#x645;&#x62C;&#x644;&#x62F;</subfield>
    <subfield code="b">nc</subfield>
    <subfield code="2">rdacarrier</subfield>
  </datafield>
  <datafield tag="520" ind1=" " ind2=" ">
    <subfield code="a">&#x64A;&#x62A;&#x646;&#x627;&#x648;&#x644; &#x643;&#x62A;&#x627;&#x628; (&#x645;&#x646;&#x627;&#x633;&#x643; &#x627;&#x644;&#x62D;&#x62C; &#x648;&#x627;&#x644;&#x639;&#x645;&#x631;&#x629; &#x641;&#x64A; &#x627;&#x644;&#x643;&#x62A;&#x627;&#x628; &#x648;&#x627;&#x644;&#x633;&#x646;&#x629; &#x648;&#x622;&#x62B;&#x627;&#x631; &#x627;&#x644;&#x633;&#x644;&#x641;) &#x648;&#x627;&#x644;&#x630;&#x64A; &#x642;&#x627;&#x645; &#x628;&#x62A;&#x623;&#x644;&#x64A;&#x641;&#x647; &#x645;&#x62D;&#x645;&#x62F; &#x646;&#x627;&#x635;&#x631; &#x627;&#x644;&#x62F;&#x64A;&#x646; &#x627;&#x644;&#x623;&#x644;&#x628;&#x627;&#x646;&#x64A;&#x60C; &#x645;&#x648;&#x636;&#x648;&#x639; (&#x627;&#x644;&#x62D;&#x62C; &#x648;&#x627;&#x644;&#x639;&#x645;&#x631;&#x629;) &#x627;&#x644;&#x643;&#x62A;&#x627;&#x628; &#x639;&#x646; &#x623;&#x62D;&#x643;&#x627;&#x645; &#x627;&#x644;&#x62D;&#x62C; &#x648;&#x627;&#x644;&#x639;&#x645;&#x631;&#x629;&#x60C; &#x631;&#x627;&#x639;&#x649; &#x641;&#x64A;&#x647; &#x645;&#x635;&#x646;&#x641;&#x647; &#x62A;&#x628;&#x633;&#x64A;&#x637; &#x623;&#x633;&#x644;&#x648;&#x628; &#x639;&#x631;&#x636; &#x627;&#x644;&#x645;&#x646;&#x627;&#x633;&#x643;. &#x645;&#x639; &#x62A;&#x642;&#x62F;&#x64A;&#x645; &#x646;&#x635;&#x627;&#x626;&#x62D; &#x648;&#x641;&#x648;&#x627;&#x626;&#x62F; &#x644;&#x644;&#x62D;&#x627;&#x62C;&#x60C; &#x645;&#x646;&#x647;&#x627; &#x623;&#x646; &#x64A;&#x62A;&#x642;&#x64A; &#x631;&#x628;&#x647;&#x60C; &#x648;&#x64A;&#x62D;&#x631;&#x635; &#x637;&#x627;&#x642;&#x62A;&#x647; &#x623;&#x646; &#x644;&#x627; &#x64A;&#x642;&#x639; &#x641;&#x64A;&#x645;&#x627; &#x62D;&#x631;&#x645; &#x627;&#x644;&#x644;&#x647; &#x639;&#x644;&#x64A;&#x647;&#x60C; &#x643;&#x630;&#x644;&#x643; &#x627;&#x644;&#x62A;&#x62D;&#x630;&#x64A;&#x631; &#x645;&#x645;&#x627; &#x627;&#x628;&#x62A;&#x644;&#x64A; &#x628;&#x647; &#x628;&#x639;&#x636;&#x647;&#x645; &#x644;&#x62C;&#x647;&#x644;&#x647;&#x645; &#x623;&#x648; &#x636;&#x644;&#x627;&#x644;&#x647;&#x645;. &#x643;&#x627;&#x644;&#x625;&#x633;&#x62A;&#x639;&#x627;&#x646;&#x629; &#x628;&#x63A;&#x64A;&#x631; &#x627;&#x644;&#x644;&#x647;&#x60C; &#x648;&#x627;&#x644;&#x623;&#x645;&#x648;&#x627;&#x62A; &#x645;&#x646; &#x627;&#x644;&#x623;&#x646;&#x628;&#x64A;&#x627;&#x621; &#x648;&#x627;&#x644;&#x635;&#x627;&#x644;&#x62D;&#x64A;&#x646;&#x60C; &#x648;&#x62F;&#x639;&#x627;&#x626;&#x647;&#x645; &#x645;&#x646; &#x62F;&#x648;&#x646; &#x627;&#x644;&#x644;&#x647;&#x60C; &#x648;&#x627;&#x644;&#x62D;&#x644;&#x641; &#x628;&#x647;&#x645; &#x62A;&#x639;&#x638;&#x64A;&#x645;&#x627; &#x644;&#x647;&#x645;&#x60C; &#x641;&#x64A;&#x628;&#x637;&#x644;&#x648;&#x646; &#x628;&#x630;&#x644;&#x643; &#x62D;&#x62C;&#x647;&#x645;&#x60C; &#x648;&#x62A;&#x632;&#x64A;&#x646; &#x628;&#x639;&#x636;&#x647;&#x645; &#x628;&#x62D;&#x644;&#x642; &#x627;&#x644;&#x644;&#x62D;&#x64A;&#x629; &#x641;&#x625;&#x646;&#x647; &#x641;&#x633;&#x642;&#x60C; &#x648;&#x62A;&#x62E;&#x62A;&#x645; &#x627;&#x644;&#x631;&#x62C;&#x627;&#x644; &#x628;&#x627;&#x644;&#x630;&#x647;&#x628; &#x641;&#x625;&#x646;&#x647; &#x62D;&#x631;&#x627;&#x645;. </subfield>
  </datafield>
  <datafield tag="650" ind1=" " ind2="7">
    <subfield code="a">&#x627;&#x644;&#x62D;&#x62C; (&#x641;&#x642;&#x647; &#x625;&#x633;&#x644;&#x627;&#x645;&#x64A;)</subfield>
    <subfield code="x">&#x645;&#x646;&#x627;&#x633;&#x643;</subfield>
    <subfield code="2">aucsh</subfield>
  </datafield>
  <datafield tag="650" ind1=" " ind2="7">
    <subfield code="a">&#x627;&#x644;&#x639;&#x645;&#x631;&#x629; (&#x641;&#x642;&#x647; &#x625;&#x633;&#x644;&#x627;&#x645;&#x64A;)</subfield>
    <subfield code="x">&#x645;&#x646;&#x627;&#x633;&#x643;</subfield>
    <subfield code="2">aucsh</subfield>
  </datafield>
  <datafield tag="650" ind1=" " ind2="7">
    <subfield code="a">&#x627;&#x644;&#x62D;&#x62C; &#x641;&#x64A; &#x627;&#x644;&#x642;&#x631;&#x622;&#x646;</subfield>
    <subfield code="2">aucsh</subfield>
  </datafield>
  <datafield tag="650" ind1=" " ind2="7">
    <subfield code="a">&#x627;&#x644;&#x62D;&#x62C; &#x641;&#x64A; &#x627;&#x644;&#x62D;&#x62F;&#x64A;&#x62B;</subfield>
    <subfield code="2">aucsh</subfield>
  </datafield>
  <datafield tag="650" ind1=" " ind2="7">
    <subfield code="a">&#x627;&#x644;&#x639;&#x645;&#x631;&#x629; &#x641;&#x64A; &#x627;&#x644;&#x642;&#x631;&#x622;&#x646;</subfield>
    <subfield code="2">aucsh</subfield>
  </datafield>
  <datafield tag="650" ind1=" " ind2="7">
    <subfield code="a">&#x627;&#x644;&#x639;&#x645;&#x631;&#x629; &#x641;&#x64A; &#x627;&#x644;&#x62D;&#x62F;&#x64A;&#x62B;</subfield>
    <subfield code="2">aucsh</subfield>
  </datafield>
  <datafield tag="730" ind1="2" ind2="2">
    <subfield code="a">&#x627;&#x644;&#x642;&#x631;&#x622;&#x646;</subfield>
  </datafield>
  <datafield tag="942" ind1=" " ind2=" ">
    <subfield code="2">ddc</subfield>
    <subfield code="c">BOOK</subfield>
    <subfield code="n">0</subfield>
  </datafield>
  <datafield tag="949" ind1=" " ind2=" ">
    <subfield code="a">SA-JeALM</subfield>
    <subfield code="d">251113</subfield>
    <subfield code="u">mohamedma123</subfield>
    <subfield code="n">1</subfield>
  </datafield>
  <datafield tag="952" ind1=" " ind2=" ">
    <subfield code="0">0</subfield>
    <subfield code="1">0</subfield>
    <subfield code="2">ddc</subfield>
    <subfield code="4">0</subfield>
    <subfield code="7">0</subfield>
    <subfield code="a">WAHAB</subfield>
    <subfield code="b">WAHAB</subfield>
    <subfield code="d">2025-11-16</subfield>
    <subfield code="l">0</subfield>
    <subfield code="o">252.5  &#x627; &#x644; &#x628;</subfield>
    <subfield code="p">000021187</subfield>
    <subfield code="r">2025-11-16 13:43:19</subfield>
    <subfield code="w">2025-11-16</subfield>
    <subfield code="y">BOOK</subfield>
  </datafield>
  <datafield tag="952" ind1=" " ind2=" ">
    <subfield code="0">0</subfield>
    <subfield code="1">0</subfield>
    <subfield code="2">ddc</subfield>
    <subfield code="4">0</subfield>
    <subfield code="7">0</subfield>
    <subfield code="a">WAHAB</subfield>
    <subfield code="b">WAHAB</subfield>
    <subfield code="d">2025-11-16</subfield>
    <subfield code="l">0</subfield>
    <subfield code="o">252.5  &#x627; &#x644; &#x628;</subfield>
    <subfield code="p">000021188</subfield>
    <subfield code="r">2025-11-16 13:43:19</subfield>
    <subfield code="w">2025-11-16</subfield>
    <subfield code="y">BOOK</subfield>
  </datafield>
  <datafield tag="952" ind1=" " ind2=" ">
    <subfield code="0">0</subfield>
    <subfield code="1">0</subfield>
    <subfield code="2">ddc</subfield>
    <subfield code="4">0</subfield>
    <subfield code="7">0</subfield>
    <subfield code="a">WAHAB</subfield>
    <subfield code="b">WAHAB</subfield>
    <subfield code="d">2026-04-15</subfield>
    <subfield code="l">0</subfield>
    <subfield code="o">252.5 &#x627; &#x644; &#x628;</subfield>
    <subfield code="p">000023365</subfield>
    <subfield code="r">2026-04-15 13:13:29</subfield>
    <subfield code="w">2026-04-15</subfield>
    <subfield code="y">BOOK</subfield>
  </datafield>
  <datafield tag="999" ind1=" " ind2=" ">
    <subfield code="c">13288</subfield>
    <subfield code="d">13288</subfield>
  </datafield>
</record>
